Akútny koronárny syndróm

Bibliographic Details
Main Author: Dobiáš, Viliam, 1950- (Author)
Format: Article
Language:Slovak

MARC

LEADER 00000nab a2200000ua 4500
001 vtls010830860
003 SK-MaSNL
005 20260303144516.0
008 230222s2004 xo |||||||||||||||||slo|
035 |a (urnnbn)urn:nbn:sk:snk:ar-a06hj8 
035 |a urn:nbn:sk:snk-ab5vvv 
035 |a (uuid)50db6527-9a76-4b55-af7c-9f790015053b 
040 |a SNKBUCL  |b slo  |c SNKBUCL  |e AACR2 
041 0 |a slo 
044 |a xo  |c SK 
100 1 |a Dobiáš, Viliam,  |d 1950-  |4 aut  |9 217915 
245 1 0 |a Akútny koronárny syndróm  |c Viliam Dobiáš 
773 0 |t Sestra : odborný mesačník pre ošetrovateľstvo  |g Roč. 3, č. 9 (2004), s. 44-46 
954 |a odborná, vedecká literatúra pôvodná (slovenská)  |2 lita 
958 |a OND 
958 |a EUIPO 
958 |a article5 
999 |c 1997639  |d 1999569